Music Quiz

Random Music or Song Quiz

Female Singers #1 Songs Quiz Stats

 Plays Quiz Retired Jul 7, 2021

Support Sporcle.
Go Orange.
Score 0/24 Timer 09:00
0 Plays Today
Singer/Band Song % Correct
AdeleRolling In The Deep
91.5%
RihannaSOS
87.2%
Katy PerryI Kissed A Girl
84.8%
Lady GagaJust Dance
82.7%
CĂ©line DionThe Power Of Love
81.8%
BeyoncéCrazy In Love
80.3%
Whitney HoustonSaving All My Love For You
80.1%
MadonnaLike A Virgin
78.9%
Miley CyrusWrecking Ball
75.2%
ShakiraHips Don't Lie
74.2%
Taylor SwiftWe Are Never Ever Getting Back Together
72.6%
KeshaTiK ToK
69%
Singer/Band Song % Correct
Britney Spears...Baby One More Time
66.7%
Meghan TrainorAll About That Bass
62.5%
Christina AguileraGenie In A Bottle
61.3%
Mariah CareyVision Of Love
56%
CherGypsys, Tramps & Thieves
55.2%
Alicia KeysFallin'
53%
Gwen StefaniHollaback Girl
50.3%
P!nkSo What
49.3%
Kelly ClarksonA Moment Like This
39.7%
Cardi BBodak Yellow
27.3%
AaliyahTry Again
14.8%
Carrie UnderwoodInside Your Heaven
6.3%

You're not logged in!

Compare scores with friends on all Sporcle quizzes.
OR
Log In
Forgot?

From the Vault

US States: By Borders

by goc3

This is a really, really long way to go about addressing states, though.
Remove Ads.
Support Sporcle.
Get the best of Sporcle when you Go Orange. This ad-free experience offers more features, more stats, and more fun while also helping to support Sporcle. Thank you for becoming a member.

Show Comments

Extras

Top Quizzes Today


Score Distribution

Your Account Isn't Verified!

In order to create a playlist on Sporcle, you need to verify the email address you used during registration. Go to your Sporcle Settings to finish the process.

Report this User

Report this user for behavior that violates our Community Guidelines.

Details: